000 00431nam a2200181Ia 4500
001 20103
005 20260306172741.0
008 260306t2010||||xx |||||||||||||| ||spa||
041 _aESP
082 _a342.211
_bP79
100 _aPossenti,Vittorio
_eAUT
245 0 _aDiritti umani e libertá religiosa
260 _c2010
300 _a313 páginas :
_c23 cm.
650 _aGEN
654 _aCDE
942 _cLIB
_dJUS
_fJUS
_2ddc
_n
999 _c20103
_d20103